Collected scientific papers of Paul A Samuelson. V 1. (Record no. 24675)

MARC details
000 -LEADER
fixed length control field 00308nam a2200109Ia 4500
082 ## - DEWEY DECIMAL CLASSIFICATION NUMBER
Classification number 33(081)
Item number SAM.1
100 ## - MAIN ENTRY--AUTHOR NAME
Personal name SAMUELSON, Paul A
245 #0 - TITLE STATEMENT
Title Collected scientific papers of Paul A Samuelson. V 1.
260 ## - PUBLICATION, DISTRIBUTION, ETC. (IMPRINT)
Place of publication New Delhi
Name of publisher Oxford & IBH
Year of publication 1966
942 ## - ADDED ENTRY ELEMENTS (KOHA)
Koha item type Books
Holdings
Withdrawn status Lost status Damaged status Not for loan Home library Current library Date acquired Full call number Accession Number Koha item type
        RRII Library RRII Library 16/12/2021 33(081) SAM.1 05349 Books